000 004170000a22001930004500
005 20120302062220.0
942 _cBOOK
100 _a Taimni,I.K.
245 _a The Science of Yoga
260 _aMadras:Theosophical Pub.,1974.
300 _a448p.
040 _aENG
650 _aPhilosophy
650 _aYoga
650 _aSamadhi
650 _aSadhana
650 _aVibhuti Pada
650 _aKaivalya Pada
999 _c356090
_d356087